عرض عادي
عرض مارك
- Stephani, Hans.
مدخل إسم شخص
001 - رقم الضبط
- حقل الضبط: 9813
003 - معرف رقم الضبط
- حقل الضبط: OSt
005 - تاريخ ووقت أخر عملية
- حقل الضبط: 20120310020415.0
008 - عناصر بيانات ثابتة الطول
- حقل تحكم ثابت الطول: 120310|||a|||||| | ||| d
040 ## - مصدر الفهرسة
- هيئة الفهرسة الأصلية: OSt
- وكالة الكتابة: OSt
100 ## - مدخل -- أسم شخص
- إسم شخص: Stephani, Hans.
670 ## - بيانات المصدر موجوده
- الاستشهاد بالمصدر: Work cat.: (OSt)0: Exact solutions of Einstein's field equations., 2009.
